000 00433nam a22001697a 4500
005 20221108161204.0
008 221108b ||||| |||| 00| 0 eng d
040 _cAL
041 _aEnglish
082 _223
_a378.04
_bSOUV
100 _a-
_961412
245 _aSouvenir 9th Convocation 26th December 2001
260 _c2001
300 _a48 p.
_bPB
_c27x21 cm.
650 _aProfile of Growth 1999-2001
_961413
942 _2ddc
_cGF
999 _c225074
_d225074